| 000 | 00465nam a2200169 i 4500 | ||
|---|---|---|---|
| 001 | 41548 | ||
| 003 | ES-MaACL | ||
| 005 | 20250722063142.0 | ||
| 007 | t| | ||
| 008 | 030311s1962 sp ||||1| cat d | ||
| 100 | 1 |
_aCasp, Xavier, _d1915-2004 _936331 |
|
| 245 | 1 | 0 |
_aJo, cap de casa _b: poemes / _cXavier Casp. |
| 260 |
_aMallorca : _bBalenguera, _c1962. |
||
| 300 |
_a80 p. ; _c21 cm. |
||
| 852 |
_aES-MaACL _jC-22600 _bR.51316 |
||
| 999 |
_c41548 _d41548 |
||